| 000 | 00660nam a2200205 4500 | ||
|---|---|---|---|
| 003 | OSt | ||
| 005 | 20240624034941.0 | ||
| 006 | a | ||
| 008 | 240624b |||||||| |||| 00| 0 eng d | ||
| 020 | _a9789719419532 | ||
| 040 |
_aDWCL-HMN lib. _cOC |
||
| 082 |
_2Revised edition _aFil. 647.94 R744h 2010 |
||
| 100 | _aRoldan, Amelia Samson | ||
| 245 | _aHousekeeping management / | ||
| 250 | _aRevised edition | ||
| 260 |
_aParanaque City : _bAR Skills Development & management Services Inc. , _cc2010. |
||
| 300 |
_aiv, _b204 p, : ill. ; _c25 cm. |
||
| 504 | _aIncludes bibliographical references & index. | ||
| 942 |
_2ddc _n0 _cBK - FIL _eRevised edition _kFil. |
||
| 999 |
_c1209 _d1209 |
||